[Event "DSOL 06 Liga Gr-D 1st"]
[Site "Playchess.com INT"]
[Date "2020.08.07"]
[Round "7.4"]
[White "Ritz, Erwin"]
[Black "Krumm, Christian"]
[Result "0-1"]
[WhiteElo "1516"]
[BlackElo "1260"]
[PlyCount "94"]
[EventDate "2020.06.22"]
[EventType "team-tourn (rapid)"]
[EventCountry "GER"]
[SourceTitle "EXT 2021"]
[Source "ChessBase"]
[SourceDate "2020.10.23"]
[SourceVersion "1"]
[SourceVersionDate "2020.10.23"]
[SourceQuality "1"]
[WhiteTeam "Fallersleben"]
[BlackTeam "Ersingen"]
[WhiteTeamCountry "GER"]
[BlackTeamCountry "GER"]

1. d4 Nf6 2. c4 e6 3. Nc3 Bb4 4. Bd2 0-0 5. Nf3 d5 6. e3 c5 7. cxd5 cxd4 8. Nxd4 Bxc3 9. Bxc3 Nxd5 10. Bd2 Qb6 11. b3 Nc6 12. Nc2 Rd8 13. Qc1 Ndb4 14. Bc4 Nd3+ 15. Bxd3 Rxd3 16. 0-0 Qd8 17. Rd1 e5 18. Nb4 Bg4 19. f3 Nxb4 20. Bxb4 Rc8 21. Qb1 Rxd1+ 22. Qxd1 Qxd1+ 23. Rxd1 Be6 24. Rd2 h6 25. Kf2 b6 26. Ba3 a5 27. Bb2 f6 28. h4 a4 29. b4 Bxa2 30. Bxe5 fxe5 31. Rxa2 b5 32. Kg3 Rc3 33. e4 Rb3 34. Rd2 Rxb4 35. Rd5 a3 36. Rd8+ Kf7 37. Ra8 Rb3 38. Kg4 b4 39. Kf5 Rb2 40. Kxe5 Rxg2 41. Ra4 a2 42. f4 b3 43. Kd4 Rg1 44. Kc3 a1Q+ 45. Rxa1 Rxa1 46. Kxb3 Re1 47. e5 Re4 0-1